[Event "GER-chA Seniors 27th"]
[Site "Magdeburg"]
[Date "2015.08.17"]
[Round "3"]
[White "Szenetra, Werner"]
[Black "Bocionek, Dieter"]
[Result "1-0"]
[WhiteElo "2182"]
[BlackElo "2004"]
[PlyCount "35"]
[EventDate "2015.08.15"]
[EventType "swiss"]
[EventRounds "9"]
[EventCountry "GER"]
[SourceTitle "EXT 2018"]
[Source "ChessBase"]
[SourceDate "2017.10.13"]
[SourceVersion "1"]
[SourceVersionDate "2017.10.13"]
[SourceQuality "1"]

1. Nf3 d5 2. g3 Nf6 3. Bg2 c6 4. 0-0 g6 5. d3 Bg7 6. Nbd2 0-0 7. e4 dxe4 8. dxe4 Bg4 9. h3 Bxf3 10. Qxf3 Nbd7 11. Qe2 Qc7 12. a4 Ne5 13. Nc4 Z0 14. Ne3 e6 15. a5 Ned7 16. Nc4 b5 17. Ne3 a6 18. Bf3 1-0

[Event "GER-chA Seniors 27th"]
[Site "Magdeburg"]
[Date "2015.08.15"]
[Round "1"]
[White "Bocionek, Dieter"]
[Black "Schmidt, Gerhard"]
[Result "1-0"]
[WhiteElo "2004"]
[BlackElo "2216"]
[PlyCount "50"]
[EventDate "2015.08.15"]
[EventType "swiss"]
[EventRounds "9"]
[EventCountry "GER"]
[SourceTitle "EXT 2018"]
[Source "ChessBase"]
[SourceDate "2017.10.13"]
[SourceVersion "1"]
[SourceVersionDate "2017.10.13"]
[SourceQuality "1"]

1. d4 Nf6 2. Nc3 d5 3. Bg5 c6 4. e3 Bf5 5. Bxf6 exf6 6. Bd3 Bg6 7. Nge2 Bd6 8. 0-0 Qc7 9. h3 Nd7 10. e4 dxe4 11. Nxe4 Bxe4 12. Bxe4 g6 13. Qd2 f5 14. Bf3 0-0 15. c4 Rad8 16. Rad1 Rfe8 17. Rfe1 Bf8 18. Nc3 Rxe1+ 19. Qxe1 Bg7 20. b3 a6 21. Ne2 h5 22. Qd2 Ne5 23. Qf4 Nxf3+ 24. Qxf3 Qe7 25. Kf1 Kf8 1-0